Cómo leer la Biblia libro por libro / (Registro nro. 49757)
[ vista simple ]
| 000 -LEADER | |
|---|---|
| campo de control de longitud fija | 01909cam a22004934i 4500 |
| 003 - IDENTIFICADOR DE NÚMERO DE CONTROL | |
| campo de control | PE-LiUPU |
| 005 - FECHA Y HORA DE LA ÚLTIMA TRANSACCIÓN | |
| campo de control | 20250731173341.0 |
| 008 - DATOS DE LONGITUD FIJA--INFORMACIÓN GENERAL | |
| campo de control de longitud fija | 150706s2006 xxu r 000 0 spa d |
| 020 ## - NÚMERO INTERNACIONAL ESTÁNDAR DEL LIBRO | |
| Número Internacional Estándar del Libro | 9780311036769 |
| 035 ## - NÚMERO DE CONTROL DEL SISTEMA | |
| Número de control de sistema | (Sirsi) i9780311036769 |
| 040 ## - FUENTE DE CATALOGACIÓN | |
| Centro catalogador/agencia de origen | PE-LiUPU |
| Lengua de catalogación | spa |
| Centro/agencia transcriptor | PE-LiUPU |
| Normas de descripción | rda |
| 049 ## - FONDOS LOCALES (OCLC) | |
| Biblioteca depositaria | PRUA |
| 082 04 - NÚMERO DE LA CLASIFICACIÓN DECIMAL DEWEY | |
| Número de clasificación | 220.6 |
| Cutter | G73 |
| Número de edición | 21 |
| 100 1# - ENTRADA PRINCIPAL--NOMBRE DE PERSONA | |
| Nombre de persona | Gordon D. Fee, |
| Término indicativo de función/relación | autor. |
| 245 10 - MENCIÓN DEL TÍTULO | |
| Título | Cómo leer la Biblia libro por libro / |
| Mención de responsabilidad, etc. | Gordon D. Fee y Douglas Stuart. |
| 250 ## - MENCION DE EDICION | |
| Mención de edición | 2a |
| 264 #1 - PRODUCCIÓN, PUBLICACIÓN, DISTRIBUCIÓN, FABRICACIÓN Y COPYRIGHT | |
| Producción, publicación, distribución, fabricación y copyright | El Paso, Texas : |
| Nombre del de productor, editor, distribuidor, fabricante | Mundo Hispano, |
| Fecha de producción, publicación, distribución, fabricación o copyright | 2006. |
| 300 ## - DESCRIPCIÓN FÍSICA | |
| Extensión | 472 páginas ; |
| Dimensiones | 21 centímetros |
| 336 ## - TIPO DE CONTENIDO | |
| Término de tipo de contenido | text |
| Fuente | rdacontent |
| 337 ## - TIPO DE MEDIO | |
| Nombre/término del tipo de medio | unmediated |
| Fuente | rdamedia |
| 338 ## - TIPO DE SOPORTE | |
| Nombre/término del tipo de soporte | volume |
| Fuente | rdacarrier |
| 505 0# - NOTA DE CONTENIDO CON FORMATO | |
| Nota de contenido con formato | La narración de Israel (incluyendo la ley) en la historia bíblica -- Los escritos de Israel en la historia bíblica -- Los profetas de Israel en la historia bíblica -- Los evangelios y hechos en la historia bíblica -- Las epístolas y apocalipsis en la historia bíblica. |
| 526 ## - NOTA DE INFORMACIÓN SOBRE EL PROGRAMA DE ESTUDIO | |
| Nombre del programa | Segunda Especialidad En Profecías Bíblicas |
| 526 ## - NOTA DE INFORMACIÓN SOBRE EL PROGRAMA DE ESTUDIO | |
| Nombre del programa | Segunda Especialidad En Nuevo Testamento |
| 526 ## - NOTA DE INFORMACIÓN SOBRE EL PROGRAMA DE ESTUDIO | |
| Nombre del programa | Segunda Especialidad En Antiguo Testamento |
| 526 ## - NOTA DE INFORMACIÓN SOBRE EL PROGRAMA DE ESTUDIO | |
| Nombre del programa | Segunda Especialidad En Estudios Adventistas |
| 526 ## - NOTA DE INFORMACIÓN SOBRE EL PROGRAMA DE ESTUDIO | |
| Nombre del programa | Doctorado en teología |
| 526 ## - NOTA DE INFORMACIÓN SOBRE EL PROGRAMA DE ESTUDIO | |
| Nombre del programa | Maestría en teología histórica |
| 526 ## - NOTA DE INFORMACIÓN SOBRE EL PROGRAMA DE ESTUDIO | |
| Nombre del programa | Maestría en teología bíblica |
| 526 ## - NOTA DE INFORMACIÓN SOBRE EL PROGRAMA DE ESTUDIO | |
| Nombre del programa | Maestría en teología |
| 526 ## - NOTA DE INFORMACIÓN SOBRE EL PROGRAMA DE ESTUDIO | |
| Nombre del programa | Maestría en misionología |
| 526 ## - NOTA DE INFORMACIÓN SOBRE EL PROGRAMA DE ESTUDIO | |
| Nombre del programa | Maestría en liderazgo eclesiástico |
| 526 ## - NOTA DE INFORMACIÓN SOBRE EL PROGRAMA DE ESTUDIO | |
| Nombre del programa | Teología |
| 541 ## - NOTA DE FUENTE DE ADQUISICIÓN DIRECTA | |
| -- | 001-0020922; |
| 596 ## - | |
| -- | 1 |
| 630 ## - PUNTO DE ACCESO ADICIONAL DE MATERIA--TÍTULO UNIFORME | |
| Título uniforme | Biblia |
| Subdivisión general | Crítica, interpretación, etc. |
| 630 ## - PUNTO DE ACCESO ADICIONAL DE MATERIA--TÍTULO UNIFORME | |
| Título uniforme | Biblia |
| Subdivisión general | Lectura. |
| 700 1# - ENTRADA AGREGADA--NOMBRE PERSONAL | |
| Nombre de persona | Stuart, Douglas, |
| Término indicativo de función/relación | autor. |
| 910 ## - DATOS DE OPCIÓN DEL USUARIO (OCLC) | |
| Datos de opción del usuario | gl |
| -- | jv |
| -- | ng |
| -- | 20090910 |
| 942 ## - ELEMENTOS DE ENTRADA SECUNDARIOS (KOHA) | |
| Fuente del sistema de clasificación o colocación | Clasificación Decimal Dewey |
| Tipo de ítem Koha | |
| 949 ## - PROCESAMIENTO DE INFORMACIÓN LOCAL (OCLC) | |
| a | 220.6 G73 |
| w | DEWEY |
| c | 1 |
| i | 60298 |
| d | 2015-10-18 |
| e | 2015-10-16 |
| l | CCODEBUL1 |
| m | BUL |
| n | 1 |
| p | 15.00 |
| r | 0 |
| s | Y |
| t | BOOK |
| u | 2015-7-6 |
| x | TEOLOGIA |
| z | UNKNOWN |
| 0 | COMPRA |
| o | .STAFF. Colección Teología |
| 994 ## - | |
| -- | C0 |
| -- | PEPRU |
| 999 ## - NÚMEROS DE CONTROL DE SISTEMA (KOHA) | |
| -- | DEWEY |
| -- | 60298 |
| -- | 2015-10-16 |
| -- | 2021-11-9 |
| -- | 5 |
| -- | CCODEBUL1 |
| -- | BUL |
| -- | 1 |
| -- | 15.00 |
| -- | 1 |
| -- | 0 |
| -- | Y |
| -- | BOOK |
| -- | 2015-7-6 |
| -- | TEOLOGIA |
| -- | P35 |
| -- | COMPRA |
| -- | .STAFF. Colección Teología |
| 980 ## - EQUIVALENCIA O REFERENCIA-CRUZADA-MENCIÓN DE SERIE--NOMBRE DE PERSONA/TÍTULO [LOCAL, CANADÁ] | |
| ID del último usuario que modificó el registro | 1 |
| Nombre del último usuario que modificó el registro | ALBERTO SANCHEZ Responsable de Automatización |
| Visto por última vez | Número de inventario | Total de préstamos | Signatura topográfica completa | Código de barras | Fecha del último préstamo | Copia número | Coste, precio de reemplazo | Fecha de reemplazo | Facultad | Tipo de ítem Koha | Nota pública | Estado de pérdida | Fuente del sistema de clasificación o colocación | Restricciones de uso | No para préstamo | Colección | Programa académico | Biblioteca de origen | Biblioteca actual | Ubicación en estantería | Fecha de adquisición | Fuente de adquisición | Coste, precio normal de compra |
|---|---|---|---|---|---|---|---|---|---|---|---|---|---|---|---|---|---|---|---|---|---|---|---|
| 2025-12-02 | 6 | 1 | 220.6 G73 | 60298 | 2015-10-16 | e1 | 20.00 | 2015-07-06 | Libros físicos | inventario-2023-12-13 | No Perdido | Clasificación Decimal Dewey | No restringido | Disponible para préstamos | Colección General | Teología | Biblioteca CRAI UPeU Lima | Biblioteca CRAI UPeU Lima | Sala principal | 2015-07-06 | COMPRA | 15.00 |